<?xml version="1.0" encoding="UTF-8"?>
<collection xmlns="http://www.loc.gov/MARC21/slim">
 <record>
  <leader>00674nam a22001935a 4500</leader>
  <controlfield tag="001">EHU.bham052872</controlfield>
  <controlfield tag="008">260420s2013##################000#0#####d</controlfield>
  <controlfield tag="005">20260420081846.0</controlfield>
  <datafield tag="245" ind1="1" ind2="0">
   <subfield code="a">Unas islas demasiado famosas :</subfield>
   <subfield code="b">Malvinas, historia y política /</subfield>
   <subfield code="c">Federico Lorenz.</subfield>
  </datafield>
  <datafield tag="260" ind1=" " ind2=" ">
   <subfield code="a">Buenos Aires :</subfield>
   <subfield code="b">Capital Intelectual,</subfield>
   <subfield code="c">2013.</subfield>
  </datafield>
  <datafield tag="300" ind1=" " ind2=" ">
   <subfield code="a">240 p.</subfield>
  </datafield>
  <datafield tag="020" ind1=" " ind2=" ">
   <subfield code="a">9789876144018</subfield>
  </datafield>
  <datafield tag="100" ind1="1" ind2=" ">
   <subfield code="a">Lorenz, Federico</subfield>
  </datafield>
  <datafield tag="082" ind1="9" ind2="8">
   <subfield code="a">982.06 L887-1</subfield>
  </datafield>
  <datafield tag="653" ind1=" " ind2=" ">
   <subfield code="a">Argentina-historia-Malvinas</subfield>
  </datafield>
  <datafield tag="653" ind1=" " ind2=" ">
   <subfield code="a">Malvinas-historia de las islas</subfield>
  </datafield>
  <datafield tag="653" ind1=" " ind2=" ">
   <subfield code="a">Argentina-Guerra de Malvinas</subfield>
  </datafield>
  <datafield tag="653" ind1=" " ind2=" ">
   <subfield code="a">Dictadura argentina-1976-1983</subfield>
  </datafield>
  <datafield tag="859" ind1=" " ind2=" ">
   <subfield code="a">AR-BHAM</subfield>
   <subfield code="b">BIB. HUMANIDADES - General</subfield>
   <subfield code="h">982.06</subfield>
   <subfield code="i">L887-1</subfield>
   <subfield code="p">127.26</subfield>
   <subfield code="t">Ej.1</subfield>
  </datafield>
 </record>
</collection>
